Dicionário de inglês-português (Registo nº 13)

Detalhes MARC
000 -Etiqueta do registo
Cabeçalho 00761nam a2200325 4500
005 - Identificador da versão
Campo de controlo 20240813121752.0
095 ## -
-- PTBN00262844
010 ## - Número internacional normalizado dos livros (ISBN)
Número (ISBN) 9720051205
021 ## - Número do Depósito Legal
Código do país PT
Número 33967/90
035 ## - Other System Control Numbers
System Control Number 0000013
System Control Number 0000013
System Control Number 0000013
System Control Number 0000013
100 ## - Dados gerais de processamento
Dados gerais de processamento 19901206d1990 m y pory5003 ba
102 ## - Pais de publicação ou produção
País de publicação Portugal
101 0# - Língua de publicação
Língua do texto, banda sonora, etc. Inglês
-- Português
106 ## - Campo de dados codificados: material textual
Dados codificados do material textual r
105 ## - Campo de dados codificados: livros
Dados codificados dos livros y e 000yy
215 ## - Descrição física 
Indicação específica da natureza do documento e extensão da espécie 770 p. a 2 colns.
Dimensões 15 cm
200 1# - Titulo e menção de responsabilidade
Título próprio Dicionário de inglês-português
225 2# - Colecção 
Título próprio da colecção Dicionários académicos
210 ## - Publicação, Distribuição, etc. 
Lugar da edição, distribuição, etc. Porto
Nome do editor, distribuidor, etc. Porto Editora
Data da publicação, distribuição, etc. 1990
675 ## - Classificação Decimal Universal (CDU)
Notação 801.32
Edição BN
Língua da edição por
966 ## - Identificação da Biblioteca
Sigla NUMETECA
942 ## - Elementos de entrada adicionados (Koha)
Tipo de item no Koha Livro
Exemplares
Situação do levantamento Origin of item (home branch) (coded) Biblioteca de empréstimo Código de barras Cota Circulation type (not for loan) Tipo de documento Nota do exemplar Damaged status
  Biblioteca Escolar Eng. Nuno Mergulhão Biblioteca Escolar Eng. Nuno Mergulhão BENM26 801 DIC   Cativo Sem mensagem  
  Biblioteca Escolar Eng. Nuno Mergulhão Biblioteca Escolar Eng. Nuno Mergulhão BENM27 0DIC   Cativo Sem mensagem  
  Biblioteca Escolar Eng. Nuno Mergulhão Biblioteca Escolar Eng. Nuno Mergulhão BENM28 0DIC   Cativo Sem mensagem  
  Biblioteca Escolar Eng. Nuno Mergulhão Biblioteca Escolar Eng. Nuno Mergulhão BENM29 0DIC   Cativo Sem mensagem  
  Biblioteca Escolar Eng. Nuno Mergulhão Biblioteca Escolar Eng. Nuno Mergulhão BENM30 ODIC   Cativo Sem mensagem  
  Biblioteca Escolar Eng. Nuno Mergulhão Biblioteca Escolar Eng. Nuno Mergulhão BENM31 ODIC   Cativo Sem mensagem